000 00767nam a2200205Ia 4500
003 0
005 20250127110612.0
008 150126s9999 xx 000 0 und d
050 _aPHS LC 213
_b.Ad243 2014
100 _aAdriano, Princess Maria M.
245 4 _aThe relationship of self-awareness on the self-esteem of selected bc grade 11 students /
_cPrincess Maria M. Adriano.
260 _aLas PiƱas City, Philippines :
_bSouthville International School and Colleges,
_c2014.
300 _a43 pages :
_billustration ;
_c28 cm.
504 _aIncludes bibliographical references.
650 _aSelf-awareness.
650 _aSelf-esteem.
650 _aAdolescents
_vPsychology.
650 _aSocial and psychological aspects of adolescence.
942 _2lcc
_cPASS
999 _c278705
_d278705